| 000 | 00643nam a22002172 4500 | ||
|---|---|---|---|
| 001 | 0000012951 | ||
| 005 | 20151217152118.0 | ||
| 008 | 090513s xx 000 0 eng d | ||
| 020 | _a0130432458 : | ||
| 040 |
_aKABU _cKABU |
||
| 100 | 1 |
_aOgata, Katsuhiko. _@0000169977 |
|
| 245 | 1 | 0 |
_aModern control engineering / _cKatsuhiko Ogata. |
| 250 | _a4th ed. | ||
| 260 |
_aUpper Saddle River, NJ. : _bPrentice Hall, _c2002. |
||
| 300 | _axi, 964 p. | ||
| 650 | 0 |
_aAutomatic control. _@0000169978 |
|
| 650 | 0 |
_aControl theory. _@0000169979 |
|
| 852 | 1 | _9p3735 KES | |
| 908 | _a090513 | ||
| 950 | _@1 | ||
| 999 |
_c8387 _d8387 |
||